000 00719nam a22001937a 4500
003 OSt
005 20260421155112.0
008 260421b ||||| |||| 00| 0 eng d
020 _a9786299896593
_qhardback
040 _aJMG
_beng
_cJMG
_erda
082 0 4 _a546.41
_b23
245 0 0 _aPENILAIAN POTENSI SUMBER :
_bUNSUR NADIR BUMI (REE) = RESOURCE POTENTIAL ASSESSMENT OF RARE EARTH EARTH ELEMENTS (REE)
260 _aAlor Setar, Kedah :
_bJabatan Mineral dan Geosains Malaysia,
_c2025
300 _a47 pages :
_bsome colour illustrations ;
_c22 cm
650 1 0 _aRare earth metals
650 2 0 _aMines and mineral resources
650 2 0 _aGeochemical prospecting
942 _2ddc
_cBK
_e23
_h546.41
999 _c27213
_d27213